000 01423nam a22002897a 4500
999 _c22157
_d22157
003 AR-CdUCM
008 190425b ||||| |||| 00| 0 spa d
040 _aMUNICIPALIDAD PROVINCIAL DEL CUSCO
_cBIBLIOTECA MUNICIPAL DEL CUSCO
082 _aOropesa/N°32/1999
245 _aOropesa :
_brevista de cultura y educación de opinión y crítica /
_cAmérico Valer Vargas, Director
260 _aCusco.
_bPantigozo,
_c1999.
300 _a22 páginas. :
_bilustraciones ;
_c30 cm.
440 _aOropesa.
_nAño XVIII, N°XXXII, octubre 1999.
_947565
505 _aContenido: VII Festival del Pan T´anta Raymi Oropesa 99 una actividad revalorativa de panificación. -- La panificación en Oropesa una actividad ancestral y tradicional. -- Algunos garcilasianos ocupan los primeros lugares en examen de admisión a la UNSAAC. -- La verdad del paro histórico del 5 de octubre de 1948 en Oropesa. -- Machupicchu la próxima victima del gobierno se viene la privatización Light.
650 _aPolítica cusqueña
_947381
650 _aGobiernos locales
_98462
650 _aDistrito Oropesa
_947566
650 _aSociedad cusqueña
_947493
650 _aSiglo XX
_947561
700 _aValer Vargas, Américo
_947562
700 _aValer Vargas, Alejandro
_947563
700 _aValer Pino, Braulio
_947567
700 _aGil Mora, Eduardo
_946972
700 _aCórdova Valer, Julio
_947568
942 _2ddc
_cPP
945 _arac